Welche Stadt mit T? - Statistiken

Allgemein
  • Dieses Quiz wurde 62 mal gespielt
  • Das Durchschnittsergebnis liegt bei 11 aus 21
Antwortstatistiken
Hinweis Stadt % Korrekt
der Fußballverein dieser Stadt nennt sich Juventus Turin
100%
moderne Metropole, die zu den sichersten und saubersten der Welt gehört; auch kulinarisch mit weit über 100.000 Restaurants vor allem durch Sushi geprägt Tokio
96%
die erstmalig als "Augusta Treverorum" genannte Stadt ist angeblich die älteste Deutschlands Trier
96%
in dieser am Lake Ontario gelegenen Stadt befindet sich der CN Tower Toronto
89%
Hauptstadt an der Ostsee mit einer von Türmen umgebenen Altstadt Tallinn
84%
es war über 500 Jahre der wichtigste Hafen Österreichs bzw. Österreich-Ungarns und gehört seit 1918 zu Italien Triest
73%
der Golestanpalast, der heute als Museum genutzt wird, war bis 1979 Sitz des persischen Monarchen Teheran
65%
die Statue der Mutter Georgiens blickt hinab auf diese Stadt Tiflis
65%
"Geh doch nach..." ist eine deutsche Redewendung, um jemanden aufzufordern, sich möglichst weit zu entfernen; und diese Oasenstadt gilt als sehr schwer erreichbar Timbuktu
62%
nahe dieser Stadt findet man die Ausgrabungsstätte von Karthago Tunis
49%
Großstadt am nach ihr benannten Fjord Trondheim
47%
Stadt in Florida an der gleichnamigen Meeresbucht (Bay) Tampa
45%
Stadt in Baden-Württemberg, die als "Weltzentrum der Medizintechnik" bezeichnet wird Tuttlingen
44%
die Innenstadt dieser von Saunen geprägten Stadt liegt zwischen zwei Seen; aus einem
Vorort stammt der Telefonhersteller Nokia
Tampere
42%
hier verbinden sich Mittelmeer und Atlantik durch die Straße von Gibraltar Tanger
40%
aufgrund der typischen Gebäude mit roten Ziegelsteinen wird die Stadt auch "La Ville Rose" genannt Toulouse
40%
alte Universitätsstadt und Sitz des nach ihr benannten Regierungsbezirks Tübingen
40%
Stadt am Mittelmeer, die auch als "Weiße Stadt" bezeichnet wird Tel Aviv
24%
zwei unbenutzte Bunkersysteme (Bunk'art), die zu Zeiten der kommunistischen Regierung des Landes erbaut wurden, sind heute als Museen zugänglich Tirana
22%
ein Teil des Stadtzentrums befindet sich auf einer länglichen Insel in der Aare Thun
15%
ein Großbrand zerstörte 1917 einen Großteil des damaligen Stadtzentrums Thessaloniki
11%
Keine übereinstimmenden Quizze gefunden
Verteilung der Resultate
Anzahl Personen mit jedem Resultat
Perzentil nach korrekt beantworteten Fragen
Ihre Resultats-Entwicklung
Sie haben dieses Quiz noch nicht gespielt